| 000 | 01546cam a22002775a 4500 | ||
|---|---|---|---|
| 001 | 015813456 | ||
| 003 | EG-ScBUE | ||
| 005 | 20221113025817.0 | ||
| 008 | 110516s2011 enka f b 001 0 eng d | ||
| 020 | _a9780470688953 (pbk.) | ||
| 020 | _a0470688955 (pbk.) | ||
| 040 |
_aStDuBDS _beng _erda _cStDuBDS _dUk _dEG-ScBUE |
||
| 082 | 0 | 4 |
_a724.6 _bJEN _222 |
| 100 | 1 |
_aJencks, Charles, _eauthor. |
|
| 245 | 1 | 4 |
_aThe story of post-modernism : _bfive decades of the ironic, iconic and critical in architecture / _cCharles Jencks. |
| 264 | 1 |
_aChichester : _bJohn Wiley & Sons, _c2011. |
|
| 300 |
_a272 pages : _billustrations (chiefly color) ; _c26 cm |
||
| 504 | _aIncludes bibliographical references and index. | ||
| 505 | _aPost-modernism resurgent? -- The perfect storm of post-modernism -- Searching for difference, finding commonality -- Towards a critical modernism -- Complexity and nature's ornament -- The coming of the cosmic icons. | ||
| 520 | _aIn The story of post-modernism, Charles Jencks, the authority on post-modern architecture and culture, provides the defining account of post-modern architecture from its earliest roots in the early 60s to the present day. By breaking the narrative into seven distinct chapters, which are both chronological and overlapping, Jencks charts the ebb and flow of the movement, the peaks and troughs of different ideas and themes. | ||
| 650 | 7 |
_aArchitecture, Postmodern. _2BUEsh |
|
| 651 | _2BUEsh | ||
| 653 |
_bENGARC _cOctober2016 |
||
| 655 |
_vReading book _934232 |
||
| 942 |
_2ddc _cBB |
||
| 999 |
_c22669 _d22641 |
||